| 000 | 00550nam a2200169Ia 4500 | ||
|---|---|---|---|
| 003 | Ost | ||
| 005 | 20260507075658.0 | ||
| 008 | 260507s9999||||xx |||||||||||||| ||und|| | ||
| 040 | _cfsecg | ||
| 041 | _aara | ||
| 100 |
_aعبد الفتاح، محمد سعيد _eمؤلف |
||
| 245 | 0 |
_aالادارة العامة / _c محمد سعيد عبد الفتاح |
|
| 260 |
_aالاسكندرية: _bالدار الجامعية, _c2000 |
||
| 300 | _a560 صفحة؛ | ||
| 700 |
_aالصحن، محمد فريد _eمؤلف ثانوي |
||
| 942 | _cكتاب | ||
| 999 |
_c45763 _d45763 |
||